00717nam a2200241 a 4500001001300000003000900013005001700022008004100039020002300080082001300103100001800116245002900134260004200163300000900205500003500214505003600249650002600285700001800311902000800329942000700337952011400344999001700458nice12345678IN_TiNIC20260116014545.0050524s1997 dela grp 000 0 eng  a8170245 c80000a323bCHI aChitkara, M G aHuman Rights in Pakistan aDelhibAshish Publishing House c1997 a407p aincludes index and biblioraphy2 aBibliography, Index, Appendices aHuman Rights-Pakistan1 aChitkara, M G bSRS cBK 001040708StackRoom-aHMIbHMId2007-04-05g800.00l0o323 CHIp020027r2007-04-05v800.00w2005-05-24yBK c15961d15961